Nyamanza ndege wa amani / (Record no. 14443)

MARC details
000 -LEADER
fixed length control field 00499cam a22001812 4500
001 - CONTROL NUMBER
control field 0000008868
005 - DATE AND TIME OF LATEST TRANSACTION
control field 20151217160118.0
008 - FIXED-LENGTH DATA ELEMENTS--GENERAL INFORMATION
fixed length control field 080612s xx 000 0 eng d
020 ## - INTERNATIONAL STANDARD BOOK NUMBER
International Standard Book Number 0521668921 :
Terms of availability KES 170
040 ## - CATALOGING SOURCE
Original cataloging agency KABU
Transcribing agency KABU
100 1# - MAIN ENTRY--PERSONAL NAME
Personal name Lema, Elieshi.
-- 0000159635
245 10 - TITLE STATEMENT
Title Nyamanza ndege wa amani /
Statement of responsibility, etc. Elieshi Lema.
260 ## - PUBLICATION, DISTRIBUTION, ETC. (IMPRINT)
Place of publication, distribution, etc. Cambridge :
Name of publisher, distributor, etc. C. U. P.,
Date of publication, distribution, etc. 1999.
300 ## - PHYSICAL DESCRIPTION
Extent 16 p.
908 ## - PUT COMMAND PARAMETER (RLIN)
Put command parameter 080612
950 ## - LOCAL HOLDINGS (RLIN)
-- 1
Holdings
Withdrawn status Lost status Source of classification or shelving scheme Not for loan Home library Current library Date acquired Total Checkouts Full call number Barcode Date last seen Price effective from Koha item type
    Library of Congress Classification   Kabarak, Main Campus Kabarak, Main Campus 17/12/2015   PZ90 .S94L46N9 c. 1 011539 17/12/2015 17/12/2015 Children Collection
Designed with assistance from East African Informatics Ltd